000 00927nas a2200301 4500
001 BR2011005466
003 BR-BrBNA
005 20231205115617.0
007 ta
008 230509b bl.|||p| |||| 00| 00por d
040 _aBR-BrBNA
_bpor
_cBiblioteca Nacional de Agricultura
041 _a(Pt)
072 _aH20
100 1 _aSilva, J.M. da
100 1 _aMizobutsi, E.H.
100 1 _aMizobutsi, G.P.
100 1 _aMaia, V.M.
100 1 _aXavier, V.M.
100 1 _aRibeiro, R.C.F.
245 1 _aManejo da antracnose e avaliação das características físico-químicas em mamão com uso da quitosana
650 _aMAMÃO
650 _aCARICA PAPAYA
650 _aANTRACNOSE
650 _aCOLLETOTRICHUM GLOEOSPORIOIDES
773 0 _tRevista Brasileira de Armazenamento (Brazil)
_xISSN 0100-3518
_g(2009), v. 34(1) p. 1-9
_wBR2011005466
909 _a202311
_bLúcia
_c55
_dLúcia Elande
942 _2AGRIS
_n0
_cANA
999 _c214779
_d214779